U.S. National Parks East of the Mississippi - Sudden Death - Statistics

General Stats
  • This quiz has been taken 185 times
  • The average score is 7 of 14
Answers on the Grid
Answers color-coded by a green-red scale on the quiz's grid according to % correct below.
Gateway Arch
Shenandoah
Denali
Great Smoky Mountains
Arches
Isle Royale
Mount Rainier
Voyageurs
Lassen Volcanic
North Cascades
Haleakalā
Congaree
Acadia
Dry Tortugas
Joshua Tree
Glacier
Capitol Reef
Katmai
Cuyahoga Valley
Theodore Roosevelt
Great Basin
New River Gorge
American Samoa
Mammoth Cave
Virgin Islands
Everglades
Hot Springs
Petrified Forest
Biscayne
Olympic
Indiana Dunes
Channel Islands
 
Answer Stats
Answer % Correct
Shenandoah
82%
Great Smoky Mountains
75%
Everglades
63%
Acadia
60%
Cuyahoga Valley
55%
Isle Royale
55%
Mammoth Cave
48%
Virgin Islands
46%
Biscayne
45%
Indiana Dunes
45%
Congaree
42%
Dry Tortugas
40%
New River Gorge
40%
Voyageurs
25%
No matching quizzes found
Score Distribution
Percent of People with Each Score
Percentile by Number Answered
Your Score History
You have not taken this quiz